000 00304nam a22001337a 4500
008 170214b xxu||||| |||| 00| 0 eng d
020 _a0815148003
041 _aeng
080 _25ED
_a618.2
100 _a1
101 _aINF
245 _aMOSBY MEDICAL NURSING ALLIED HEALTH
_cANDERSON
942 _2udc
_cBK
999 _c5411
_d5411